00610pab a2200193 454500008004000000100002000040245007600060260000900136300001300145362000900158650002000167650001500187650002900202700002100231773003300252909001000285999001700295952010400312180718b2004 xxu||||| |||| 00| 0 eng d aWaddock, Sandra aManaging responsibility: what can be learned from the quality movement? c2004 ap.25-37. aFall aQuality control aManagement aTotal quality management aBodwell, Charles aCalifornia Management Review a63559 c63559d63559 00104070aIIPAbIIPAd2018-07-19hVolume no: 47, Issue no: 1pAR64009r2018-07-19w2018-07-19yAR